Pokémon de type Poison - Statistiques

Statistiques générales
  • Ce quiz a été pris 166 fois
  • Le résultat moyen est 82 sur 96
Statistiques - réponses
Numéro Pokémon % Correct
109 Smogo
99%
110 Smogogo
99%
110 Smogogo de Galar
99%
094 Ectoplasma
97%
092 Fantominus
97%
094 Méga-Ectoplasma
97%
093 Spectrum
97%
088 Tadmorv
97%
088 Tadmorv d'Alola
97%
001 Bulbizarre
96%
003 Florizarre
96%
089 Grotadmorv
96%
089 Grotadmorv d'Alola
96%
002 Herbizarre
96%
003 Méga-Florizarre
96%
072 Tentacool
96%
073 Tentacruel
96%
024 Arbok
95%
013 Aspicot
95%
014 Coconfort
95%
042 Nosferalto
95%
041 Nosferapti
95%
169 Nostenfer
95%
044 Ortide
95%
045 Rafflésia
95%
023 Abo
94%
015 Dardargnan
94%
015 Méga-Dardargnan
94%
043 Mystherbe
94%
034 Nidoking
94%
031 Nidoqueen
94%
493 Arceus
93%
030 Nidorina
92%
033 Nidorino
92%
049 Aéromite
91%
070 Boustiflor
91%
069 Chétiflor
91%
071 Empiflor
91%
048 Mimitoss
91%
029 Nidoran♀
90%
032 Nidoran♂
90%
773 Silvallié
90%
545 Brutapode
88%
758 Malamandre
88%
168 Migalos
88%
167 Mimigal
88%
544 Scobolide
88%
757 Tritox
88%
454 Coatox
86%
211 Qwilfish
86%
211 Qwilfish de Hisui
86%
849 Salarsen
86%
848 Toxizap
86%
453 Cradopaud
85%
315 Rosélia
85%
406 Rozbouton
85%
452 Drascore
84%
407 Roserade
84%
543 Venipatte
84%
080 Flagadoss de Galar
82%
194 Axoloto de Paldea
80%
269 Papinox
80%
451 Rapion
80%
199 Roigada de Galar
80%
690 Venalgue
80%
691 Kravarech
79%
890 Éthernatos
78%
980 Terraiste
78%
569 Miasmax
77%
747 Vorastérie
77%
568 Miamiasme
76%
435 Moufflair
76%
434 Moufouette
76%
215 Farfuret De Hisui
75%
748 Prédastérie
75%
945 Tag-Tag
75%
965 Vrombi
75%
966 Vrombotor
74%
903 Farfurex
73%
336 Séviper
73%
803 Vémini
73%
804 Mandrillon
72%
590 Trompignon
72%
317 Avaltout
71%
591 Gaulet
71%
316 Gloupti
71%
970 Floréclat
70%
1025 Pêchaminus
70%
904 Qwilpik
70%
1014 Félicanis
69%
969 Germéclat
69%
994 Mite-de-Fer
69%
793 Zéroïd
69%
1016 Favianos
68%
1015 Fortusimia
68%
944 Gribouraigne
68%
Aucun quiz correspondant
Distribution des résultats
% des personnes avec chaque résultat
Percentile par nombre de réponses
Votre historique - résultats
Vous n’avez pas pris ce quiz